[Event "EU-ch (Women) 25th"]
[Site "Rhodes"]
[Date "2025.04.08"]
[Round "8"]
[White "Ibrahimova, Sabina Oqtay"]
[Black "Yao, Lan"]
[Result "1/2-1/2"]
[WhiteElo "2199"]
[BlackElo "2254"]
[PlyCount "141"]
[EventDate "2025.03.31"]
[EventType "swiss"]
[EventRounds "11"]
[EventCountry "GRE"]
[SourceTitle "CB16_2025"]
[SourceDate "2025.04.16"]
[SourceVersion "1"]
[SourceVersionDate "2025.04.16"]
[SourceQuality "1"]

1. c4 e6 2. Nc3 d5 3. d4 a6 4. cxd5 exd5 5. Bf4 Nf6 6. Bg5 c6 7. e3 Bd6 8. Bd3 0-0 9. Nge2 Re8 10. Qc2 h6 11. Bh4 a5 12. Bg3 Bxg3 13. Nxg3 Na6 14. a3 Nc7 15. 0-0 h5 16. Nf5 Ne6 17. Rfe1 Ng5 18. f3 Be6 19. Rad1 g6 20. Nh4 Ngh7 21. Qf2 Qd7 22. Na4 Qd6 23. Bb1 Rad8 24. Nc3 Re7 25. Bc2 Bc8 26. Rf1 Ng5 27. e4 dxe4 28. fxe4 Ng4 29. e5 Qc7 30. Qg3 Qb6 31. Na4 Qa7 32. Nc5 Ne6 33. Nxe6 Bxe6 34. Nf3 Bd5 35. Kh1 b5 36. Rfe1 Kg7 37. h3 Bxf3 38. Qxf3 Nh6 39. Qf6+ Kh7 40. Qg5 Qc7 41. Qxh5 Rd5 42. Rf1 Re6 43. Qh4 c5 44. Bb3 c4 45. Bc2 Qe7 46. Qg3 Rd8 47. Rf4 Kg7 48. Rdf1 Rd7 49. Rf6 Qe8 50. Rxe6 fxe6 51. Rf6 Nf5 52. Bxf5 exf5 53. Qh4 b4 54. e6 Rb7 55. axb4 axb4 56. d5 c3 57. Qd4 Kg8 58. d6 c2 59. Qc5 Qb5 60. Qc8+ Kh7 61. Qxc2 Qf1+ 62. Kh2 Qf4+ 63. g3 Qxd6 64. h4 Kg7 65. Rf7+ Rxf7 66. exf7 Kxf7 67. h5 Kg7 68. hxg6 Kxg6 69. Kh3 Qd5 70. Kh2 Qd6 71. Qe4 1/2-1/2

[Event "London Menchik Memorial (Women) 10th"]
[Site "London"]
[Date "2025.03.24"]
[Round "9"]
[White "Sliwicka, Alicja"]
[Black "Yao, Lan"]
[Result "1-0"]
[WhiteElo "2342"]
[BlackElo "2294"]
[PlyCount "115"]
[EventDate "2025.03.20"]
[EventType "tourn"]
[EventRounds "9"]
[EventCountry "ENG"]
[SourceTitle "CB13_2025"]
[SourceDate "2025.03.26"]
[SourceVersion "1"]
[SourceVersionDate "2025.03.26"]
[SourceQuality "1"]

1. e4 c5 2. Nf3 Nc6 3. d4 cxd4 4. Nxd4 e5 5. Nb5 d6 6. N1c3 a6 7. Na3 Be7 8. Be3 Be6 9. Nc4 b5 10. Nb6 Rb8 11. Nbd5 Nf6 12. a4 b4 13. Nxf6+ Bxf6 14. Nd5 Bxd5 15. exd5 Nd4 16. Bxd4 exd4 17. Bxa6 0-0 18. 0-0 d3 19. Qxd3 Bxb2 20. Rae1 Re8 21. Bb5 Re7 22. Bc6 Bc3 23. Rxe7 Qxe7 24. a5 Qa7 25. a6 Bd4 26. g3 Bc5 27. Kg2 Qe7 28. Rb1 Rf8 29. Rd1 Qf6 30. Rd2 g6 31. Re2 Kg7 32. h4 h5 33. Qf3 Rc8 34. Qxf6+ Kxf6 35. Bb7 Rc7 36. Re8 Ba7 37. Bc6 Re7 38. Ra8 Bc5 39. Kf1 Ra7 40. Rxa7 Bxa7 41. f3 Ke7 42. Ke2 Kd8 43. Kd3 Bf2 44. Ke4 Ke7 45. Kf4 Kf6 46. Bb5 Kg7 47. Be2 Kf6 48. g4 Bc5 49. gxh5 gxh5 50. Ke4 Bf2 51. f4 Kg6 52. f5+ Kh6 53. Kd3 Bc5 54. Kc4 Kg7 55. Bxh5 Kf6 56. Bg4 Ke5 57. h5 Kf6 58. h6 1-0

[Event "London Menchik Memorial (Women) 10th"]
[Site "London"]
[Date "2025.03.22"]
[Round "5"]
[White "Toma, Katarzyna"]
[Black "Yao, Lan"]
[Result "1/2-1/2"]
[WhiteElo "2177"]
[BlackElo "2294"]
[PlyCount "134"]
[EventDate "2025.03.20"]
[EventType "tourn"]
[EventRounds "9"]
[EventCountry "ENG"]
[SourceTitle "CB13_2025"]
[SourceDate "2025.03.26"]
[SourceVersion "1"]
[SourceVersionDate "2025.03.26"]
[SourceQuality "1"]

1. e4 c5 2. Nf3 Nc6 3. d4 cxd4 4. Nxd4 e5 5. Nb5 d6 6. N5c3 Be7 7. Nd5 Nf6 8. Nbc3 Be6 9. Bd3 0-0 10. 0-0 Bxd5 11. exd5 Nb8 12. Be3 Nbd7 13. a4 g6 14. Be2 Ne8 15. Qd2 Ng7 16. a5 a6 17. Na4 f5 18. f4 Bf6 19. c4 Qe7 20. Rfe1 Rae8 21. Rad1 exf4 22. Bxf4 Be5 23. Bxe5 Qxe5 24. b4 Nf6 25. Bf3 Ne4 26. Qd4 Qxd4+ 27. Rxd4 Nf6 28. Rxe8 Rxe8 29. c5 Rd8 30. Nb6 Nge8 31. c6 bxc6 32. dxc6 Nc7 33. Nd7 Nfe8 34. Be2 Kf7 35. Bc4+ Ke7 36. Rd2 Nf6 37. Nb6 d5 38. Be2 Kd6 39. Rc2 Re8 40. Kf1 Re4 41. Nc8+ Ke5 42. Rb2 Kd4 43. Bxa6 Kc3 44. Rb1 Rxb4 45. Rxb4 Kxb4 46. Bb7 Kxa5 47. Ke2 Kb4 48. Nb6 Kc3 49. Nd7 Ne4 50. Ne5 Nc5 51. g3 d4 52. Nf3 d3+ 53. Kd1 Ne4 54. Bc8 d2 55. Ke2 Kc2 56. Nd4+ Kc3 57. Nf3 Nd5 58. Be6 Nc7 59. Bg8 Nb5 60. Bxh7 Kc2 61. Nxd2 Nxd2 62. c7 Nxc7 63. Bxg6 Kc3 64. Bxf5 Nc4 65. h4 Kd4 66. Kf3 Ke5 67. g4 Nd6 1/2-1/2

[Event "London Menchik Memorial (Women) 10th"]
[Site "London"]
[Date "2025.03.21"]
[Round "4"]
[White "Yao, Lan"]
[Black "Schulze, Lara"]
[Result "1/2-1/2"]
[WhiteElo "2294"]
[BlackElo "2313"]
[PlyCount "44"]
[EventDate "2025.03.20"]
[EventType "tourn"]
[EventRounds "9"]
[EventCountry "ENG"]
[SourceTitle "CB13_2025"]
[SourceDate "2025.03.26"]
[SourceVersion "1"]
[SourceVersionDate "2025.03.26"]
[SourceQuality "1"]

1. e4 c5 2. Nf3 d6 3. d4 cxd4 4. Nxd4 Nf6 5. Nc3 Nc6 6. Bg5 e6 7. Qd2 a6 8. 0-0-0 Bd7 9. Kb1 Be7 10. Nxc6 Bxc6 11. f3 Qc7 12. h4 h6 13. Be3 h5 14. Bd3 d5 15. exd5 Nxd5 16. Nxd5 Bxd5 17. c4 Bc6 18. Qf2 0-0 19. Bb6 Qf4 20. Be3 Qc7 21. Bb6 Qf4 22. Be3 Qc7 1/2-1/2

[Event "Cappelle op 41st"]
[Site "Cappelle la Grande"]
[Date "2025.02.16"]
[Round "2"]
[White "Boyer, Mahel"]
[Black "Yao, Lan"]
[Result "1-0"]
[WhiteElo "2509"]
[BlackElo "2316"]
[PlyCount "97"]
[EventDate "2025.02.15"]
[EventType "swiss"]
[EventRounds "9"]
[EventCountry "FRA"]
[SourceTitle "CB09_2025"]
[SourceDate "2025.02.27"]
[SourceVersion "1"]
[SourceVersionDate "2025.02.27"]
[SourceQuality "1"]

1. Nf3 d5 2. b3 Nf6 3. Bb2 e6 4. c4 b6 5. g3 Be7 6. cxd5 exd5 7. Bg2 0-0 8. 0-0 Bb7 9. e3 Nbd7 10. Nc3 Re8 11. Re1 Bf8 12. Rc1 Nc5 13. d3 Ne6 14. Ne2 Rc8 15. Nf4 Nxf4 16. exf4 Rxe1+ 17. Qxe1 c5 18. Ne5 Rc7 19. d4 Ne4 20. dxc5 Bxc5 21. Nd3 Bd6 22. Bd4 Nc5 23. Ne5 Re7 24. Qd2 f6 25. Ng4 Ne4 26. Qb2 Rc7 27. Rd1 Qc8 28. Ne3 Qe6 29. b4 Bf8 30. Qb3 Rd7 31. Bb2 Kh8 32. Rd4 Nd6 33. Bxd5 Bxd5 34. Rxd5 Ne4 35. f5 Qf7 36. Qd3 Rxd5 37. Nxd5 Nd6 38. b5 Qd7 39. Ba3 Kg8 40. Bxd6 Qxd6 41. Qc4 Kh8 42. Nf4 Qc5 43. Qf7 Qe7 44. Qc4 Qe1+ 45. Kg2 Bc5 46. Nd3 Qe7 47. Qe6 h6 48. Qxe7 Bxe7 49. Kf3 1-0

[Event "Budapest Farago Memorial"]
[Site "Budapest"]
[Date "2024.12.05"]
[Round "8"]
[White "Yao, Lan"]
[Black "Pap, Misa"]
[Result "1/2-1/2"]
[WhiteElo "2359"]
[BlackElo "2401"]
[PlyCount "118"]
[EventDate "2024.11.29"]
[EventType "tourn"]
[EventRounds "9"]
[EventCountry "HUN"]
[EventCategory "6"]
[SourceTitle "CB50_2024"]
[SourceDate "2024.11.01"]
[SourceVersion "1"]
[SourceVersionDate "2024.11.01"]
[SourceQuality "2"]

1. e4 e5 2. Nf3 Nc6 3. Bc4 Nf6 4. d3 Be7 5. 0-0 0-0 6. Re1 d6 7. a4 Kh8 8. a5 a6 9. c3 Ng8 10. d4 f5 11. d5 Nb8 12. exf5 Bxf5 13. Nbd2 Nd7 14. Nf1 Nh6 15. h3 Bh4 16. Ng3 Bg6 17. Ne4 Nf7 18. Bd3 Bh5 19. Be2 Bg6 20. Ra4 Bf6 21. Be3 Be7 22. Qd2 b5 23. Rb4 Nc5 24. Neg5 Nxg5 25. Nxg5 Bxg5 26. Bxg5 Qe8 27. Bf1 Qf7 28. Bh4 Qf5 29. Qg5 Qc2 30. Qe3 Rae8 31. Bg3 Bf7 32. Rc1 Qf5 33. Rd1 Bh5 34. Be2 e4 35. Rbd4 Bxe2 36. Qxe2 Nb3 37. Rb4 Nxa5 38. Ra1 Nc4 39. b3 Nb6 40. c4 e3 41. fxe3 Qe4 42. Be1 bxc4 43. bxc4 Nd7 44. Rxa6 Nc5 45. Ra3 h6 46. Bc3 Kh7 47. Bd4 Qxd4 48. exd4 Rxe2 49. dxc5 dxc5 50. Rb7 Rc2 51. Rxc7 Rxc4 52. Rg3 Rc1+ 53. Kh2 Rg8 54. Rd3 c4 55. Rd4 c3 56. Rdc4 Rd1 57. R7c5 Rd8 58. Rxc3 R1xd5 59. Rxd5 Rxd5 1/2-1/2

[Event "Budapest Farago Memorial"]
[Site "Budapest"]
[Date "2024.11.30"]
[Round "2"]
[White "Yao, Lan"]
[Black "Kalosha, Zhiulien Oleksii"]
[Result "1/2-1/2"]
[WhiteElo "2359"]
[BlackElo "2306"]
[PlyCount "99"]
[EventDate "2024.11.29"]
[EventType "tourn"]
[EventRounds "9"]
[EventCountry "HUN"]
[EventCategory "6"]
[SourceTitle "CB50_2024"]
[SourceDate "2024.11.01"]
[SourceVersion "1"]
[SourceVersionDate "2024.11.01"]
[SourceQuality "2"]

1. e4 e5 2. Nf3 Nc6 3. Bc4 Nf6 4. d3 Bc5 5. 0-0 d6 6. c3 a5 7. Bg5 h6 8. Bh4 Ba7 9. Nbd2 g5 10. Bg3 0-0 11. Re1 Be6 12. a4 Qd7 13. Bb5 Bg4 14. Nf1 Rae8 15. Ne3 Bxe3 16. Rxe3 d5 17. exd5 Nxd5 18. Bxc6 bxc6 19. Rxe5 f5 20. h3 Bxf3 21. Qxf3 f4 22. Rxe8 Rxe8 23. Bh2 Qe6 24. Kf1 c5 25. Qd1 c6 26. Bg1 Qf5 27. f3 Ne3+ 28. Bxe3 fxe3 29. Qe2 Qf4 30. Kg1 Kg7 31. Ra3 Re7 32. Ra1 Re8 33. b3 Qf6 34. Rc1 Qe6 35. d4 Qxb3 36. f4 Qd5 37. fxg5 hxg5 38. dxc5 Qd2 39. Re1 Qxe2 40. Rxe2 g4 41. hxg4 Kf6 42. Kh2 Re4 43. Kg3 Rxa4 44. Kf3 Rc4 45. Kxe3 Rxc3+ 46. Kd4 Rg3 47. Rf2+ Ke6 48. Re2+ Kf6 49. Rf2+ Ke6 50. Re2+ 1/2-1/2

[Event "Olympiad Women-45"]
[Site "Budapest"]
[Date "2024.09.21"]
[Round "10.1"]
[White "Khamdamova, Afruza"]
[Black "Yao, Lan"]
[Result "1/2-1/2"]
[WhiteElo "2313"]
[BlackElo "2353"]
[PlyCount "132"]
[EventDate "2024.09.11"]
[EventType "team-swiss"]
[EventRounds "11"]
[EventCountry "HUN"]
[SourceTitle "EXT 2025"]
[Source "ChessBase"]
[SourceDate "2024.10.14"]
[SourceVersion "1"]
[SourceVersionDate "2024.10.14"]
[SourceQuality "1"]
[WhiteTeam "Uzbekistan (W)"]
[BlackTeam "England (W)"]
[WhiteTeamCountry "UZB"]
[BlackTeamCountry "ENG"]

1. e4 c5 2. Nf3 d6 3. d4 cxd4 4. Nxd4 Nf6 5. Nc3 a6 6. Be2 e5 7. Nb3 Be7 8. Be3 Be6 9. Nd5 Nbd7 10. Qd3 Bxd5 11. exd5 Rc8 12. c4 0-0 13. 0-0 Ne8 14. f3 a5 15. a4 b6 16. Rae1 Bg5 17. f4 exf4 18. Bxf4 Nc5 19. Nxc5 bxc5 20. Bg3 g6 21. Bd1 Ng7 22. Bc2 Bh4 23. b3 f5 24. Bxh4 Qxh4 25. Qc3 Ra8 26. Re2 Qf6 27. Qd2 Ra7 28. Rfe1 Rff7 29. h3 Qd8 30. Bd1 Qh4 31. Qc3 Rf8 32. Bc2 Qg5 33. Kh2 h5 34. Re3 h4 35. Kg1 Kh7 36. R3e2 Rff7 37. Qe3 Qxe3+ 38. Rxe3 Kg8 39. Kf2 Kf8 40. g3 hxg3+ 41. Rxg3 Rf6 42. Reg1 Kf7 43. Kf3 Ra8 44. h4 Rh8 45. Rh1 Rh6 46. Rg5 Kg8 47. Bd1 Rf8 48. Kf2 Kf7 49. Rhg1 Kf6 50. Bf3 Rf7 51. Be2 Rb7 52. Bd1 Rb8 53. R1g2 Rbh8 54. Rg1 Ne8 55. h5 gxh5 56. Bc2 Kf7 57. Bxf5 Rf6 58. Ke3 h4 59. Be6+ Ke7 60. Rh1 Rh7 61. Rh3 Rfh6 62. Kf4 Kf6 63. Kg4 Ke7 64. Kf4 Kf6 65. Kg4 Ke7 66. Kf4 Kf6 1/2-1/2

[Event "Olympiad Women-45"]
[Site "Budapest"]
[Date "2024.09.15"]
[Round "5.12"]
[White "Cori Tello, Deysi Estella"]
[Black "Yao, Lan"]
[Result "1/2-1/2"]
[WhiteElo "2366"]
[BlackElo "2353"]
[PlyCount "99"]
[EventDate "2024.09.11"]
[EventType "team-swiss"]
[EventRounds "11"]
[EventCountry "HUN"]
[SourceTitle "EXT 2025"]
[Source "ChessBase"]
[SourceDate "2024.10.14"]
[SourceVersion "1"]
[SourceVersionDate "2024.10.14"]
[SourceQuality "1"]
[WhiteTeam "Peru (W)"]
[BlackTeam "England (W)"]
[WhiteTeamCountry "PER"]
[BlackTeamCountry "ENG"]

1. Nf3 d5 2. g3 Nf6 3. Bg2 e6 4. 0-0 Be7 5. c4 0-0 6. b3 d4 7. e3 c5 8. exd4 cxd4 9. d3 Nc6 10. Na3 Re8 11. Nc2 e5 12. a3 a5 13. h3 h6 14. Re1 Bf8 15. g4 Qd6 16. Nd2 Be6 17. Rb1 Rab8 18. Qf3 Ne7 19. Qg3 Ng6 20. Ne4 Nxe4 21. Bxe4 Bd7 22. b4 b6 23. Re2 Be7 24. Ne1 axb4 25. axb4 Bh4 26. Qh2 Bc6 27. Qg2 Bxe4 28. Qxe4 Re6 29. Nf3 Qe7 30. Bd2 Re8 31. Qf5 Qb7 32. Qe4 Qe7 33. Qf5 Bf6 34. Ra1 Qc7 35. Ree1 e4 36. Rxe4 Rxe4 37. dxe4 Qxc4 38. g5 hxg5 39. Bxg5 Qd3 40. Bxf6 gxf6 41. Qxf6 Qxe4 42. Re1 Qa8 43. Rxe8+ Qxe8 44. Qxd4 Qc6 45. Qe3 Qd5 46. Qe8+ Kg7 47. Qe3 Kg8 48. Qe8+ Kg7 49. Qe3 Kg8 50. Qe8+ 1/2-1/2

[Event "Olympiad Women-45"]
[Site "Budapest"]
[Date "2024.09.12"]
[Round "2.15"]
[White "Yao, Lan"]
[Black "De Blecourt, Sandra"]
[Result "1-0"]
[WhiteElo "2353"]
[BlackElo "2065"]
[PlyCount "67"]
[EventDate "2024.09.11"]
[EventType "team-swiss"]
[EventRounds "11"]
[EventCountry "HUN"]
[SourceTitle "EXT 2025"]
[Source "ChessBase"]
[SourceDate "2024.10.14"]
[SourceVersion "1"]
[SourceVersionDate "2024.10.14"]
[SourceQuality "1"]
[WhiteTeam "England (W)"]
[BlackTeam "Denmark (W)"]
[WhiteTeamCountry "ENG"]
[BlackTeamCountry "DEN"]

1. e4 c5 2. Nf3 Nc6 3. d4 cxd4 4. Nxd4 Nf6 5. Nc3 e5 6. Ndb5 d6 7. Nd5 Nxd5 8. exd5 Nb8 9. a4 Be7 10. Be2 0-0 11. 0-0 Nd7 12. Bd2 a6 13. Na3 a5 14. Nb5 f5 15. c3 Nf6 16. b4 Kh8 17. Qb3 Ne4 18. Be1 f4 19. f3 Qb6+ 20. Kh1 Qe3 21. Qd1 Ng3+ 22. hxg3 fxg3 23. Qd2 Qf4 24. Qxf4 exf4 25. Bd2 Bd7 26. bxa5 Rxa5 27. Rfb1 Bd8 28. Kg1 Bxb5 29. Rxb5 Rxb5 30. Bxb5 Bb6+ 31. Kf1 g5 32. Re1 g4 33. fxg4 f3 34. Re8 1-0

[Event "Spilimbergo op 22nd"]
[Site "Spilimbergo"]
[Date "2024.08.11"]
[Round "4"]
[White "Setumadhav, Yellumahanthi"]
[Black "Yao, Lan"]
[Result "1/2-1/2"]
[WhiteElo "2195"]
[BlackElo "2296"]
[PlyCount "73"]
[EventDate "2024.08.09"]
[EventType "swiss"]
[EventRounds "9"]
[EventCountry "ITA"]
[SourceTitle "EXT 2025"]
[Source "ChessBase"]
[SourceDate "2024.10.14"]
[SourceVersion "1"]
[SourceVersionDate "2024.10.14"]
[SourceQuality "1"]

1. e4 c5 2. Nf3 d6 3. d4 cxd4 4. Nxd4 Nf6 5. Nc3 a6 6. Bg5 Nbd7 7. Bc4 Qb6 8. Bb3 e6 9. Bxf6 Nxf6 10. Qd2 Nd7 11. 0-0-0 Nc5 12. Rhe1 Bd7 13. Nf5 0-0-0 14. Nxd6+ Bxd6 15. Qxd6 Nxb3+ 16. axb3 Qxf2 17. Rf1 Qe3+ 18. Kb1 Bb5 19. Nxb5 Rxd6 20. Nxd6+ Kb8 21. Rxf7 Rd8 22. Ka2 Qe2 23. Rd3 Ka8 24. Rxg7 h5 25. h4 Qe1 26. Nxb7 Rxd3 27. cxd3 Qxh4 28. Na5 Qf6 29. Rh7 Qg6 30. Rd7 e5 31. g3 Kb8 32. Re7 Qxg3 33. Nc6+ Kc8 34. Na7+ Kd8 35. Nc6+ Kc8 36. Na7+ Kd8 37. Nc6+ 1/2-1/2

[Event "BCF-ch"]
[Site "Hull"]
[Date "2024.08.04"]
[Round "9"]
[White "Yao, Lan"]
[Black "Bradbury, Neil H"]
[Result "1-0"]
[WhiteElo "2325"]
[BlackElo "2153"]
[PlyCount "47"]
[EventDate "2024.07.27"]
[EventType "swiss"]
[EventRounds "9"]
[EventCountry "ENG"]
[SourceTitle "CBM 221 Extra"]
[Source "ChessBase"]
[SourceDate "2024.09.30"]
[SourceVersion "1"]
[SourceVersionDate "2024.09.30"]
[SourceQuality "1"]

1. e4 c6 2. d4 d5 3. Nd2 dxe4 4. Nxe4 Nf6 5. Nxf6+ exf6 6. c3 Bd6 7. Bd3 0-0 8. Qc2 Re8+ 9. Ne2 h5 10. Be3 h4 11. 0-0-0 Qa5 12. Kb1 Be6 13. c4 b5 14. d5 cxd5 15. cxd5 Bd7 16. Bh7+ Kf8 17. Rd4 h3 18. Bf5 hxg2 19. Rg1 Rc8 20. Qd3 Bxh2 21. Rxg2 Qe1+ 22. Nc1 Qh1 23. Be4 f5 24. Qa3+ 1-0

[Event "BCF-ch"]
[Site "Hull"]
[Date "2024.08.02"]
[Round "7"]
[White "Yao, Lan"]
[Black "Pert, Richard G"]
[Result "1/2-1/2"]
[WhiteElo "2325"]
[BlackElo "2415"]
[PlyCount "31"]
[EventDate "2024.07.27"]
[EventType "swiss"]
[EventRounds "9"]
[EventCountry "ENG"]
[SourceTitle "CBM 221 Extra"]
[Source "ChessBase"]
[SourceDate "2024.09.30"]
[SourceVersion "1"]
[SourceVersionDate "2024.09.30"]
[SourceQuality "1"]

1. e4 c5 2. Nf3 Nc6 3. d4 cxd4 4. Nxd4 g6 5. Nc3 Bg7 6. Be3 Nf6 7. Bc4 0-0 8. 0-0 d6 9. h3 Na5 10. Bb3 b6 11. Qd2 Bb7 12. f3 Rc8 13. Rad1 Nc4 14. Bxc4 Rxc4 15. Nce2 Rc8 16. b3 1/2-1/2

[Event "EU-ch (Women) 24th"]
[Site "Rhodes"]
[Date "2024.04.25"]
[Round "6"]
[White "Yao, Lan"]
[Black "Olde, Margareth"]
[Result "1/2-1/2"]
[WhiteElo "2370"]
[BlackElo "2146"]
[PlyCount "154"]
[EventDate "2024.04.19"]
[EventType "swiss"]
[EventRounds "10"]
[EventCountry "GRE"]
[SourceTitle "CBM 219 Extra"]
[Source "ChessBase"]
[SourceDate "2024.05.31"]
[SourceVersion "1"]
[SourceVersionDate "2024.05.31"]
[SourceQuality "1"]

1. e4 c5 2. Nf3 e6 3. d4 cxd4 4. Nxd4 a6 5. c4 Nf6 6. Nc3 Qc7 7. a3 b6 8. Be3 Bb7 9. f3 Nc6 10. Be2 Be7 11. Rc1 0-0 12. 0-0 Bd6 13. f4 Nxd4 14. Qxd4 Bc5 15. Qd3 e5 16. f5 Bxe3+ 17. Qxe3 Qc5 18. Qxc5 bxc5 19. Bf3 a5 20. g4 h6 21. Kf2 Bc6 22. Ke3 Rab8 23. Rf2 g5 24. fxg6 fxg6 25. Rcf1 Ne8 26. Bd1 Rf4 27. Rxf4 exf4+ 28. Rxf4 Rxb2 29. h4 Nd6 30. e5 Nf7 31. Ne4 Nxe5 32. Nxc5 Ra2 33. a4 Ra3+ 34. Kd2 d6 35. Ne6 Bxa4 36. Be2 Bd7 37. Rf6 Ra2+ 38. Ke3 Rc2 39. Nd4 Rb2 40. Rxd6 Bxg4 41. Rd8+ Kf7 42. Bxg4 Nxg4+ 43. Kf4 Nf6 44. c5 g5+ 45. hxg5 hxg5+ 46. Ke5 Rb1 47. c6 Rc1 48. Kd6 Ne8+ 49. Kd5 g4 50. Rb8 g3 51. Rb2 a4 52. Rg2 Nf6+ 53. Ke5 Rc5+ 54. Kf4 Rc4 55. Ke3 Ng4+ 56. Ke4 Nf6+ 57. Kd3 Rc5 58. Rxg3 Nd5 59. Rg1 Nb4+ 60. Ke4 a3 61. Rf1+ Ke8 62. Rf8+ Kxf8 63. Ne6+ Ke7 64. Nxc5 Kd6 65. Nb3 Kxc6 66. Kd4 Kb5 67. Kc3 Nd5+ 68. Kc2 Kc4 69. Na5+ Kb4 70. Nc6+ Ka4 71. Nd4 Ne3+ 72. Kb1 Nd1 73. Nc2 Nc3+ 74. Ka1 a2 75. Kb2 Nd5 76. Kxa2 Nb4+ 77. Nxb4 Kxb4 1/2-1/2

[Event "San Sebastian op 44th"]
[Site "San Sebastian"]
[Date "2024.03.27"]
[Round "6"]
[White "Martinez Duany, Lelys Stanley"]
[Black "Yao, Lan"]
[Result "1/2-1/2"]
[WhiteElo "2472"]
[BlackElo "2370"]
[PlyCount "189"]
[EventDate "2024.03.23"]
[EventType "swiss"]
[EventRounds "9"]
[EventCountry "ESP"]
[SourceTitle "EXT 2025"]
[Source "ChessBase"]
[SourceDate "2024.10.14"]
[SourceVersion "1"]
[SourceVersionDate "2024.10.14"]
[SourceQuality "1"]

1. Nf3 d5 2. e3 Nf6 3. b3 Bf5 4. Ba3 Nbd7 5. c4 e6 6. Bxf8 Nxf8 7. Nc3 N8d7 8. cxd5 exd5 9. Be2 h6 10. 0-0 c6 11. b4 0-0 12. Qb3 Ne4 13. d3 Nxc3 14. Qxc3 Qe7 15. Rfc1 Bg6 16. Qd4 Qd6 17. g3 Rfe8 18. Qf4 Qe7 19. a4 Nf8 20. Rab1 Ne6 21. Qe5 f6 22. Qc3 Bh5 23. Qb2 Rad8 24. Nh4 Bxe2 25. Qxe2 Qf7 26. Qg4 Kh7 27. Qd1 f5 28. d4 Ng5 29. Nf3 Nxf3+ 30. Qxf3 a6 31. b5 axb5 32. axb5 Rd6 33. Rb3 Re4 34. bxc6 bxc6 35. Rb8 Rf6 36. Ra1 Re8 37. Rb6 Qc7 38. Rab1 Qf7 39. h4 Re4 40. R1b2 Qg6 41. Kf1 Qf7 42. Rb8 Re8 43. Rxe8 Qxe8 44. Qf4 Qe4 45. Rb7 Qxf4 46. gxf4 Kg6 47. Rc7 Kh5 48. Rxg7 Kxh4 49. Kg2 Kh5 50. Kf3 Rf8 51. Kg3 Rf6 52. Kh3 Rf8 53. Rd7 Rf6 54. Rc7 Re6 55. Kg3 Rg6+ 56. Kf3 Re6 57. Ra7 Rf6 58. Ra1 Kg6 59. Kg3 Kf7 60. Kh4 Kg6 61. Rg1+ Kf7 62. Kh5 Re6 63. Ra1 Rf6 64. Ra7+ Kg8 65. Rc7 Kh8 66. Re7 Kg8 67. Kh4 Kf8 68. Rb7 Kg8 69. Kg3 Kf8 70. Kf3 Kg8 71. Rb1 Kf7 72. Rh1 Kg6 73. Ke2 Re6 74. Kd3 Re8 75. Rc1 Re6 76. Rg1+ Kh5 77. Rc1 Kg6 78. Kc3 Kh5 79. Kd2 Kg6 80. Rg1+ Kh5 81. Rh1+ Kg6 82. Kc3 Rf6 83. Kb4 Re6 84. Kc5 Rf6 85. Kb6 Kf7 86. Kc7 Rg6 87. Kd7 Rf6 88. Rh5 Kg6 89. Rh2 Kf7 90. Rh1 Kg6 91. Ra1 Kf7 92. Ra8 Rg6 93. Ra7 Rf6 94. Ra1 Rg6 95. Rh1 1/2-1/2